000
00190 a2200097 4500
001
26754
100
_a
Bladon, S
245
_a
Car maintenance
260
_a
_b
Paul
_c
090
_c
17998
_d
17998
942
_a
NUST-CAE
_c
M
_c
8888
999
_c
261827
_d
261827